000
00253 a2200121 4500
001
126850
020
_a
9788572087551
040
_c
Escola Canadense de Niteroi
090
_a
C11
100
_a
Medeiros, Maria
245
1
0
_a
Cores em Cordel
942
_c
BK
999
_c
126850
_d
126850